| 000 | 00693nam a22001937a 4500 | ||
|---|---|---|---|
| 005 | 20250919160140.0 | ||
| 008 | 250910b |||||||| |||| 00| 0 eng d | ||
| 020 | _a9781529610673 | ||
| 082 | _aDC 373.1102 P942 2023 | ||
| 245 |
_aProfessional studies for secondary teaching / _cedited by Ed Podesta and Leigh Hoath. |
||
| 260 |
_aLondon : _bSage, _c ©2023. |
||
| 300 |
_axiii, 266 pages : _billustrations ; _c24 cm. |
||
| 500 | _aIncludes references and index. | ||
| 650 | 0 |
_aHigh school teaching _zEngland. _967933 |
|
| 650 | 0 |
_aHigh school teachers _xTraining of _zEngland. _967934 |
|
| 700 |
_aPodesta, Ed. _967361 _eeditor. |
||
| 700 |
_aHoath, Leigh. _967362 _eeditor. |
||
| 942 |
_2ddc _cDC |
||
| 999 |
_c23725 _d23725 |
||